Оперативные разведсводки штаба Одесского оборонительного района за 22–24 сентября 1941 г.

RUSMARC
00004348cbm0a2200277#x 450
001bba55825-2206-4cf9-8b51-0b063035fc44
00520230217101033.0
100##$a20230216d194109##k###0rusy50 ca
1010#$arus
102##$aRU
1222#$ad19410922##
$ad19410924##
2001#$aОперативные разведсводки штаба Одесского оборонительного района за 22–24 сентября 1941 г.
$j22-24 сентября 1941 г.
251##$cДокумент
300##$aЗаверенные копии
461#0$12001
$aФ. 1265
$1251
$cФонд
$1852
$j1265
462#0$12001
$aОп. 1
$1251
$cОпись
$1852
$j1
462#0$12001
$aД. 12
$vЛ. 190-200
$1251
$cДело
$1852
$j12
60102$2nlr_sh
$3RU\NLR\AUTH\661535827
$aПриморская армия
$c1941 - 1945
$xОборонительные операции
$z1941
$jДокументы и материалы
605##$2prlib_sh
$3LIBNET\UAF\0000088514
$aВторая мировая война в архивных документах (Комплекс оцифрованных архивных документов, кино- и фотоматериалов)
$lколлекция
607##$2nlr_sh
$3RU\NLR\AUTH\66181427
$aОдесса, город (Украина)
$xОборона
$z1941
$jДокументы и материалы
686##$a63.3(2)622,11ю11
$vLBC/M
$2rubbk
801#0$aRU
$bПБ им. Б.Н. Ельцина
$c20230216
801#1$aRU
$bПБ им. Б.Н. Ельцина
$c20230216
$2rusmarc
801#2$aRU
$bПБ им. Б.Н. Ельцина
$c20230217
$2rusmarc
850##$aЦентральный архив Министерства обороны Российской Федерации
852##$aЦА МО РФ
$jЛ. 190-200
035##$aLIBNET\0001310513
937##$d183343026
$hФедеральное архивное агентство
8564#$uhttp://readingroom.main.prlib.ru/item.aspx?id_node=n183343026&mode=full
Формат отображения